书目信息 |
| 题名: |
圣贤语
|
|
| 作者: | 刘巍 编 | |
| 分册: | ||
| 出版信息: | 北京 中国文史出版社 2020 |
|
| 页数: | 216页 | |
| 开本: | 22cm | |
| 丛书名: | ||
| 单 册: | ||
| 中图分类: | B222.01 , B223.01 | |
| 科图分类: | ||
| 主题词: | 儒家--ru jia--语录 , 道家--dao jia--语录 | |
| 电子资源: | ||
| ISBN: | 978-7-5205-1897-0 | |
| 000 | 00874nam0 2200265 450 | |
| 001 | 2159254294 | |
| 005 | 20210926145330.0 | |
| 010 | @a978-7-5205-1897-0@dCNY45.00 | |
| 100 | @a20200820d2020 em y0chiy0120 ea | |
| 101 | 0 | @achi |
| 102 | @aCN@b110000 | |
| 105 | @ay z 000yy | |
| 106 | @ar | |
| 200 | 1 | @a圣贤语@Asheng xian yu@f刘巍编 |
| 210 | @a北京@c中国文史出版社@d2020 | |
| 215 | @a216页@d22cm | |
| 300 | @a座右铭书系 | |
| 330 | @a本书分“儒家说”“道家说”两大部分记录了两家圣贤的至理名言。书中选取的经典语录,都反映了两家圣贤的代表思想,让我们进一步领略两家思想的魅力。同时,也能在研读圣贤思想的同时,深化和提升读者自身的思想境界。 | |
| 606 | 0 | @a儒家@Aru jia@x语录 |
| 606 | 0 | @a道家@Adao jia@x语录 |
| 690 | @aB222.01@v5 | |
| 690 | @aB223.01@v5 | |
| 701 | 0 | @a刘巍@Aliu wei@4编 |
| 801 | 0 | @aCN@b百万庄@c20210926 |
| 905 | @b1299308-311@dB222.01@e995@f4 | |
| 圣贤语/刘巍编.-北京:中国文史出版社,2020 |
| 216页;22cm |
| 座右铭书系 |
| ISBN 978-7-5205-1897-0:CNY45.00 |
| 本书分“儒家说”“道家说”两大部分记录了两家圣贤的至理名言。书中选取的经典语录,都反映了两家圣贤的代表思想,让我们进一步领略两家思想的魅力。同时,也能在研读圣贤思想的同时,深化和提升读者自身的思想境界。 |
| ● |
| 相关链接 |
|
|
|
|
正题名:圣贤语
索取号:B222.01/995
 
预约/预借
| 序号 | 登录号 | 条形码 | 馆藏地/架位号 | 状态 | 备注 |
| 1 | 1299308 | 212993082 | 第一样本阅览室/ [索取号:B222.01/995] | 在馆 | |
| 2 | 1299309 | 212993091 | 第一借阅区/ [索取号:B222.01/995] | 在馆 | |
| 3 | 1299310 | 212993108 | 第一借阅区/ [索取号:B222.01/995] | 在馆 | |
| 4 | 1299311 | 212993117 | 第一借阅区/ [索取号:B222.01/995] | 在馆 |